Comentarios sobre los delitos tributarios en el proyecto de Código Penal (Registro nro. 35127)
[ vista simple ]
| 000 -LEADER | |
|---|---|
| fixed length control field | 00586 a2200121 4500 |
| 001 - CONTROL NUMBER | |
| control field | ART_50788 |
| 005 - DATE AND TIME OF LATEST TRANSACTION | |
| control field | 20260410162043.0 |
| 008 - FIXED-LENGTH DATA ELEMENTS--GENERAL INFORMATION | |
| fixed length control field | 260409a |
| 100 1# - MAIN ENTRY--PERSONAL NAME | |
| Personal name | D´Albora, Francisco J. (h) |
| 245 10 - TITLE STATEMENT | |
| Title | Comentarios sobre los delitos tributarios en el proyecto de Código Penal |
| 653 ## - INDEX TERM--UNCONTROLLED | |
| Uncontrolled term | Para analizar el sentido de las diferencias que presenta el con el texto vigente, debemos comenzar aclarando que la decisión de llevar al terreno del derecho penal las infracciones tributarias es de política criminal |
| 773 0# - HOST ITEM ENTRY | |
| Title | Impuestos |
| Related parts | - N° 71 (mar. 2020) |
| Record control number | REV45175 |
No hay ítems disponibles.